Statistiques concernant Multiplications aléatoires

Cliquez ici pour prendre le quiz!

Statistiques générales

  • Ce quiz a été pris 67 fois
    (46 depuis la dernière actualisation)
  • Le résultat moyen est 26 sur 40

Statistiques - réponses

HintRéponse% Correct
12 x 10 =120
100%
15 x 9 =135
100%
17 x 10 =170
100%
19 x 1 =19
100%
12 x 20 =240
100%
16 x 4 =64
100%
19 x 4 =76
100%
15 x 2 =30
92%
19 x 2 =38
91%
13 x 3 =39
91%
14 x 8 =112
90%
16 x 10 =160
90%
12 x 9 =108
89%
15 x 20 =300
89%
19 x 3 =57
89%
13 x 5 =65
89%
13 x 4 =52
88%
12 x 6 =72
88%
13 x 10 =130
86%
15 x 10 =150
86%
9 x 8 =72
86%
15 x 8 =120
83%
14 x 10 =140
83%
15 x 5 =75
83%
12 x 12 =144
82%
12 x 7 =84
82%
17 x 5 =85
82%
14 x 4 =56
80%
18 x 4 =72
80%
13 x 9 =117
79%
16 x 2 =32
79%
17 x 2 =34
79%
15 x 7 =105
78%
11 x 11 =121
78%
19 x 10 =190
78%
13 x 19 =247
78%
15 x 4 =60
78%
18 x 5 =90
78%
17 x 7 =119
77%
11 x 18 =198
77%
14 x 5 =70
77%
14 x 9 =126
75%
13 x 15 =195
75%
11 x 20 =220
75%
14 x 3 =42
75%
17 x 3 =51
75%
18 x 8 =144
73%
18 x 10 =180
73%
12 x 17 =204
73%
16 x 3 =48
73%
13 x 7 =91
73%
16 x 20 =320
71%
18 x 20 =360
71%
19 x 20 =380
71%
19 x 5 =95
71%
11 x 15 =165
70%
12 x 16 =192
70%
15 x 3 =45
70%
16 x 5 =80
70%
14 x 7 =98
69%
17 x 9 =153
67%
13 x 13 =169
67%
11 x 17 =187
67%
11 x 19 =209
67%
16 x 6 =96
67%
11 x 16 =176
65%
19 x 8 =152
64%
18 x 9 =162
64%
13 x 2 =26
64%
14 x 20 =280
64%
15 x 6 =90
64%
18 x 7 =126
63%
13 x 20 =260
63%
13 x 6 =78
63%
12 x 14 =168
62%
15 x 18 =270
62%
17 x 20 =340
62%
16 x 9 =144
60%
17 x 4 =68
60%
11 x 12 =132
58%
14 x 18 =252
58%
14 x 6 =84
58%
12 x 13 =156
57%
13 x 14 =182
57%
17 x 19 =323
57%
18 x 3 =54
56%
13 x 17 =221
55%
15 x 15 =225
54%
12 x 8 =96
54%
16 x 8 =128
50%
19 x 7 =133
50%
11 x 14 =154
50%
14 x 15 =210
50%
15 x 17 =255
50%
14 x 19 =266
50%
13 x 8 =104
47%
16 x 7 =112
45%
11 x 13 =143
45%
12 x 15 =180
45%
14 x 14 =196
45%
12 x 19 =228
44%
17 x 6 =102
43%
19 x 6 =114
43%
14 x 16 =224
42%
14 x 17 =238
40%
17 x 18 =306
40%
18 x 6 =108
38%
16 x 18 =288
38%
12 x 18 =216
36%
15 x 16 =240
36%
17 x 17 =289
36%
13 x 18 =234
33%
19 x 9 =171
31%
16 x 17 =272
31%
18 x 19 =342
31%
16 x 19 =304
29%
17 x 8 =136
27%
18 x 2 =38
27%
15 x 19 =285
25%
19 x 19 =361
25%
13 x 16 =208
22%
16 x 16 =256
20%
18 x 18 =324
18%
14 x 2 =24
0%

Distribution des résultats

Percentile par nombre de réponses

% des personnes avec chaque résultat

Votre développement - résultats

Vous n’avez pas pris ce quiz depuis la dernière actualisation